Sonographic evaluation of the lower uterine segment thickness in patients with previous caesarean section in third trimester / (Record no. 172850)

MARC details
000 -LEADER
fixed length control field 01342nam a2200313 4500
003 - CONTROL NUMBER IDENTIFIER
control field NUST
005 - DATE AND TIME OF LATEST TRANSACTION
control field 20260508135752.0
008 - FIXED-LENGTH DATA ELEMENTS--GENERAL INFORMATION
fixed length control field 260508b |||||||| |||| 00| 0 eng d
040 ## - CATALOGING SOURCE
Original cataloging agency NUST
Language of cataloging eng
Transcribing agency NUST
Modifying agency NUST
Description conventions rda
050 ## - LIBRARY OF CONGRESS CALL NUMBER
Classification number RG575 .S66 JER
100 ## - MAIN ENTRY--PERSONAL NAME
Personal name Jeremiah, Munyaradzi.
Relator term author.
245 ## - TITLE STATEMENT
Title Sonographic evaluation of the lower uterine segment thickness in patients with previous caesarean section in third trimester /
Statement of responsibility by Munyaradzi Jeremiah.
260 ## - PUBLICATION, DISTRIBUTION, ETC.
Place of publication, distribution, etc. Bulawayo, Zimbabwe :
Name of publisher, distributor, etc. National University of Science and Technology ,
Date of publication, distribution, etc. ©2020.
300 ## - PHYSICAL DESCRIPTION
Extent x, 67 pages :
Other physical details illustrations ;
Dimensions 31 cm.
336 ## - CONTENT TYPE
Source rdacontent
Content type term text
Content type code txt
337 ## - MEDIA TYPE
Source rdamedia
Media type term unmediated
Media type code n
338 ## - CARRIER TYPE
Source rdacarrier
Carrier type term volume
Carrier type code nc
500 ## -
Typescript A research project submitted in partial fulfilment of the Bachelor of Science Honours degree in Radiography.
501 ## - STUDY LEVEL
-- (BSc in Radiography) National University of Science and Technology, 2020.
504 ## - BIBLIOGRAPHY, ETC. NOTE
Bibliography, etc. note Includes bibliographical references.
650 ## - SUBJECT ADDED ENTRY--TOPICAL TERM
Topical term or geographic name entry element Cesarean section.
650 ## - SUBJECT ADDED ENTRY--TOPICAL TERM
Topical term or geographic name entry element Pregnancy
General subdivision Complications.
650 ## - SUBJECT ADDED ENTRY--TOPICAL TERM
Topical term or geographic name entry element Ultrasonography in obstetrics.
650 ## - SUBJECT ADDED ENTRY--TOPICAL TERM
Topical term or geographic name entry element Uterus Diseases
General subdivision Diagnosis.
650 ## - SUBJECT ADDED ENTRY--TOPICAL TERM
Topical term or geographic name entry element Third trimester pregnancy.
650 ## - SUBJECT ADDED ENTRY--TOPICAL TERM
Topical term or geographic name entry element Scar tissue
General subdivision Measurement.
700 ## - ADDED ENTRY--PERSONAL NAME
Personal name Mrs J. Tityiwe.
Relator term supervisor.
942 ## - ADDED ENTRY ELEMENTS (KOHA)
Source of classification or shelving scheme Library of Congress Classification
Suppress in OPAC No
Koha item type 3-Hour Loan Material
Classification part RG575 .S66
Call number prefix RG
Call number suffix JER
999 ## -
-- 172850
-- 172850
Holdings
Withdrawn status Lost status Source of classification or shelving scheme Damaged status Not for loan Collection Home library Current library Shelving location Date acquired Cost, normal purchase price Total Checkouts Full call number Barcode Date last seen Accession number Cost, replacement price Price effective from Koha item type
    LCC     NFIC MAIN MAIN Special Collection 05/08/2026 5.00   RG575 .S66 JER 92004057389 05/08/2026 SC24/1278 5.00 05/08/2026 3HOUR